00555nam a2200133Ia 4500008004100000100002000041245010400061245010300165260005300268260001600321300000800337650001500345856006100360170221s9999 xx 000 0 und d aHishan S. Sanil aEffectiveness of Supply Chain Management with Reference to Apparel Industry: A Case Study in India  cHishan S. Sanil, Suresh Ramakrishnan, Mohammed Alwethainani, Abdul Ghafoor Kazi, Muhammad Siddique bInternational Review of Management and Marketing cAugust 2015 a4:2 xMarketing. uhttp://www.econjournals.com/index.php/irmm/issue/view/77